000 00792nam a2200229 i 4500
001 146903
003 ES-MaACL
005 20250512063035.0
007 t|
008 070919s1977 sp ||||1| spa d
080 _a946.0"1931/39"
100 1 _aTrotsky, Leon,
_d1879-1940
_9240350
245 1 0 _aEspaña, 1930-36 /
_cLeon Trotsky ; [traducción de Acacio Puig Mediavilla y José Luis Pérez Herrero ; prólogo de Miguel Orozco].
260 _a[Madrid] :
_bAkal,
_c[1977]
300 _a301 p. ;
_c21 cm.
651 4 _aEspaña-
_xHistoria-
_y1931-1939, II República.
_98283
700 1 _aPuig Mediavilla, Acacio.
_994269
700 1 _aPérez Herrero, José Luis.
_990939
700 1 _aOrozco, Miguel.
_987336
852 _aES-MaACL
_jA-6774
_bR.95981
999 _c146903
_d146903